00763nam a2200193 a 450000500170000000800410001702000150005804000440007304100080011724501010012524600310022626000760025730000400033350400410037365000470041465100540046170000180051571000360053320150915092801.0150915s2001 xxuab frbs i000 0 eng d a193100319X aCO-BoUCMcDavid AviladDavid Avilabspa0 aeng00aForeign direct investment in Latin Americabthe role of European investorscZiga Vodusek, editor30aRole of European investors aWashington D.C. (Estados Unidos)bInter-American Development Bankc2001 a352 páginasbilustraciones, mapas aIncluye referencias bibliográficas 0aInversiones extranjeras zAmérica Latina aEuropaxRelaciones económicaszAmérica Latina1 aVodusek, Ziga2 aInter-American Development Bank